[Event "EIWCC 2017"]
[Site "Riga"]
[Date "2017.04.12"]
[Round "2"]
[White "Zherebtsova, Alexandra"]
[Black "Ovod, Evgenija"]
[Result "1-0"]
[WhiteElo "2222"]
[BlackElo "2382"]
[Annotator "ChessBase"]
[PlyCount "158"]
[EventDate "2017.??.??"]
[EventType "swiss"]
[EventCountry "LAT"]
[SourceTitle "playchess.com"]
[Source "ChessBase"]
[SourceQuality "1"]
[TimeControl "40/5400+30:1800+30"]

1. d4 {[%emt 0:00:00]} Nf6 {[%emt 0:00:07]} 2. c4 {[%emt 0:00:00]} c5 {[%emt 0:00:09]} 3. d5 {[%emt 0:00:00]} e6 {[%emt 0:00:06]} 4. Nc3 {[%emt 0:00:40]} exd5 {[%emt 0:00:13]} 5. cxd5 {[%emt 0:00:06]} d6 {[%emt 0:00:05]} 6. Nf3 {[%emt 0:00:55]} g6 {[%emt 0:00:08]} 7. Bf4 {[%emt 0:00:25]} Bg7 {[%emt 0:00:06]} 8. h3 {[%emt 0:01:26]} O-O {[%emt 0:00:17]} 9. e3 {[%emt 0:00:26]} Re8 {[%emt 0:00:55]} 10. Nd2 {[%emt 0:05:07]} Bf8 {[%emt 0:09:36]} 11. Be2 {[%emt 0:08:38]} Na6 {[%emt 0:02:00]} 12. Qb3 {[%emt 0:26:39]} Nc7 {[%emt 0:01:46]} 13. a4 {[%emt 0:01:29]} b6 {[%emt 0:03:35]} 14. O-O {[%emt 0:04:26]} Ba6 {[%emt 0:02:21]} 15. Nb5 {[%emt 0:12:33]} Bb7 {[%emt 0:01:50]} 16. Nxc7 {[%emt 0:02:04]} Qxc7 {[%emt 0:00:06]} 17. Bf3 {[%emt 0:01:36]} Ba6 {[%emt 0:03:04]} 18. Rfd1 {[%emt 0:02:12]} Rab8 {[%emt 0:03:17]} 19. Qc2 {[%emt 0:01:50]} Rb7 {[%emt 0:09:38]} 20. Rab1 {[%emt 0:02:11]} Qb8 {[%emt 0:13:30]} 21. b3 {[%emt 0:06:40]} b5 {[%emt 0:04:03]} 22. axb5 {[%emt 0:01:26]} Bxb5 {[%emt 0:00:15]} 23. b4 {[%emt 0:02:12]} cxb4 {[%emt 0:03:53]} 24. Rxb4 {[%emt 0:00:05]} Rc8 {[%emt 0:01:36]} 25. Qa2 {[%emt 0:02:21]} a6 {[%emt 0:18:21]} 26. Rdb1 {[%emt 0:05:57]} Rcc7 {[%emt 0:01:59]} 27. Qa5 {[%emt 0:01:32]} Qc8 {[%emt 0:02:33]} 28. Nb3 {[%emt 0:01:30]} Bd3 {[%emt 0:03:15]} 29. Rb2 {[%emt 0:01:20]} Nd7 {[%emt 0:08:21]} 30. Nd4 {[%emt 0:01:28]} Rc5 {[%emt 0:02:44]} 31. Qa3 {[%emt 0:00:51]} Rc3 {[%emt 0:01:13]} 32. R4b3 {[%emt 0:02:47]} Rbxb3 {[%emt 0:01:23]} 33. Rxb3 {[%emt 0:00:05]} Rxb3 {[%emt 0:00:16]} 34. Qxb3 {[%emt 0:00:06]} Bc4 {[%emt 0:01:52]} 35. Qc3 {[%emt 0:01:19]} Qc5 {[%emt 0:00:34]} 36. Nc6 {[%emt 0:01:13]} Bg7 {[%emt 0:00:43]} 37. Qa5 {[%emt 0:01:13]} Qxa5 {[%emt 0:01:32]} 38. Nxa5 {[%emt 0:00:05]} Nb6 {[%emt 0:00:07]} 39. Nxc4 {[%emt 0:01:42]} Nxc4 {[%emt 0:00:04]} 40. Be2 {[%emt 0:00:00]} Ne5 {[%emt 0:00:45]} 41. Bxa6 {[%emt 0:00:31]} f5 {[%emt 0:00:49]} 42. f3 {[%emt 0:02:55]} Bf6 {[%emt 0:02:00]} 43. Kf2 {[%emt 0:00:48]} h5 {[%emt 0:00:37]} 44. Ke2 {[%emt 0:03:14]} Kf7 {[%emt 0:00:42]} 45. Bb5 {[%emt 0:01:06]} Ke7 {[%emt 0:00:53]} 46. Bg3 {[%emt 0:00:26]} Nf7 {[%emt 0:01:36]} 47. Be1 {[%emt 0:00:40]} Be5 {[%emt 0:03:49]} 48. Bd2 {[%emt 0:02:13]} Bf6 {[%emt 0:06:02]} 49. Kd3 {[%emt 0:00:55]} Ne5+ {[%emt 0:00:17]} 50. Kc2 {[%emt 0:00:51]} Bh4 {[%emt 0:00:30]} 51. Kd1 {[%emt 0:07:45]} Nf7 {[%emt 0:00:44]} 52. Ke2 {[%emt 0:02:17]} Bf6 {[%emt 0:01:22]} 53. f4 {[%emt 0:02:40]} Nh6 {[%emt 0:00:55]} 54. Bd3 {[%emt 0:00:40]} Bb2 {[%emt 0:04:26]} 55. e4 {[%emt 0:02:30]} fxe4 {[%emt 0:01:34]} 56. Bxe4 {[%emt 0:00:05]} Kf6 {[%emt 0:00:07]} 57. Bb4 {[%emt 0:02:25]} Nf7 {[%emt 0:00:13]} 58. Kf3 {[%emt 0:01:31]} g5 {[%emt 0:00:48]} 59. g3 {[%emt 0:00:15]} h4 {[%emt 0:04:59]} 60. gxh4 {[%emt 0:02:35]} gxf4 {[%emt 0:00:02]} 61. Kxf4 {[%emt 0:01:03]} Be5+ {[%emt 0:00:25]} 62. Kf3 {[%emt 0:00:33]} Kg7 {[%emt 0:01:06]} 63. Bd2 {[%emt 0:03:16]} Nh6 {[%emt 0:03:45]} 64. h5 {[%emt 0:01:34]} Ng8 {[%emt 0:00:23]} 65. Bf5 {[%emt 0:02:04]} Nf6 {[%emt 0:00:43]} 66. h6+ {[%emt 0:00:11]} Kh8 {[%emt 0:00:09]} 67. Be6 {[%emt 0:00:17]} Kh7 {[%emt 0:00:37]} 68. Ke2 {[%emt 0:00:38]} Kg6 {[%emt 0:01:01]} 69. Kd3 {[%emt 0:00:45]} Nh5 {[%emt 0:01:10]} 70. Bg4 {[%emt 0:00:46]} Nf6 {[%emt 0:01:24]} 71. Bf3 {[%emt 0:00:15]} Kh7 {[%emt 0:00:40]} 72. Kc4 {[%emt 0:00:23]} Kg6 {[%emt 0:03:29]} 73. Kb5 {[%emt 0:00:22]} Kf7 {[%emt 0:00:24]} 74. Kc6 {[%emt 0:00:15]} Kf8 {[%emt 0:00:26]} 75. Kc7 {[%emt 0:01:07]} Kf7 {[%emt 0:00:44]} 76. Bg5 {[%emt 0:00:35]} Kf8 {[%emt 0:00:18]} 77. Bxf6 {[%emt 0:00:39]} Bxf6 {[%emt 0:00:03]} 78. Kxd6 {[%emt 0:00:05]} Kg8 {[%emt 0:00:19]} 79. Ke6 {[%emt 0:00:15]} Bg5 {[%emt 0:00:17]} 1-0

[Event "EIWCC 2017"]
[Site "Riga"]
[Date "2017.04.12"]
[Round "2"]
[White "Semenova, Elena"]
[Black "Danielian, Elina"]
[Result "0-1"]
[WhiteElo "2212"]
[BlackElo "2437"]
[Annotator "TA"]
[PlyCount "74"]
[EventDate "2017.??.??"]
[EventType "swiss"]
[EventCountry "LAT"]
[SourceTitle "playchess.com"]
[Source "ChessBase"]
[SourceQuality "1"]

{[%evp 11,74,23,17,2,6,6,40,2,52,28,34,-39,35,-50,0,17,20,30,30,10,0,0,822,822,875,796,886,0,0,-16,-19,0,0,0,-11,-68,-60,-73,-65,-67,-63,-128,-65,-158,-42,-151,-50,-34,-43,-73,-59,-166,-68,-128,-128,-159,-131,-133,-29,-121,-43,-133,-119,-116,-100]} 1. e4 c6 2. d4 d5 3. e5 Bf5 4. h4 h5 5. Bd3 Bxd3 6. Qxd3 e6 7. Bg5 {B12: Caro-Kann: Advance Variation} Qb6 8. Nd2 Ne7 9. Ne2 {White is slightly better.} Nf5 10. c3 $146 (10. O-O Nd7 11. c4 Bb4 12. c5 Qa5 13. Nb3 Qa4 14. Ng3 g6 15. Nxf5 gxf5 {1-0 (33) Mamedyarov,S (2747)-Sargissian,G (2702) Huaian 2016}) 10... Qa6 11. c4 (11. Qf3 $14) 11... Bb4 (11... c5 $15) 12. b3 (12. O-O $1 $14) 12... Nd7 (12... c5 $15 13. O-O Nc6) 13. O-O $11 Bxd2 14. Qxd2 dxc4 15. Ng3 Nxg3 16. fxg3 O-O $2 {[%cal Bh8f8,Bf8d8,Bd8d3][%mdl 8224] [#]} (16... cxb3 $11 17. axb3 Qb5) 17. Bf6 $1 $18 {[%mdl 512] Intending Qg5 and mate.} Nxf6 (17... gxf6 18. exf6) 18. exf6 {White threatens Qg5 and mate.} Qb6 19. Qg5 $2 ({Less strong is} 19. bxc4 Qd8 $16) (19. Kh2 $18 {Qg5 would kill now.} Kh7 20. fxg7 (20. bxc4 g6 $11)) 19... Qxd4+ $11 20. Kh1 {[%csl Gf6][%cal Rg5g7]} Qg4 $1 {[%cal Rg4g5]} ({Don't choose} 20... g6 $2 21. Qh6 Qxf6 22. Rxf6 $18) 21. fxg7 Rfd8 {Hoping for ...Qxg5.} 22. Qe7 $1 {[%cal Re7f7]} Qxg7 {Strongly threatening ...Rd2.} 23. bxc4 (23. Qxb7 $11 Rf8 24. Kh2) 23... Rd3 $15 24. Rad1 Rxg3 25. Qxb7 Rf8 26. Qxa7 (26. Qxc6 $15 Rg4 27. Rd3) 26... Rg4 (26... Rxg2 $17 {( -> ...Qg3)} 27. Rg1 Rg4 28. Rxg4 hxg4) 27. Qc5 (27. Qf2 $15) 27... Rxh4+ $17 28. Kg1 Rg4 (28... Qg3 $17 {And now ...Qh2+ would win.} 29. Rf3 Qh2+ 30. Kf1 Rg4) 29. Rf2 $15 h4 $40 {[%mdl 128] Black attacks.} 30. Rd3 Rb8 {...h3! is the strong threat.} 31. Rfd2 (31. Qa5 $15) 31... Rg5 ({Black should try} 31... Rb1+ $19 32. Kh2 Qa1 33. Rd8+ Kg7) 32. Qf2 (32. Qxc6 $15 Qa1+ 33. Rd1 Qxa2 34. Qe4) 32... Rb1+ $17 33. Rd1 Rxd1+ 34. Rxd1 Qg6 (34... h3 $17 {[%cal Rg5g2]} 35. Rd8+ Kh7 36. Qh4+ Kg6 37. Qe4+ Kh6 38. Qh4+ Rh5 39. Qf4+ Kh7 40. Qe4+ Qg6 41. Qxg6+ Kxg6) 35. Kh2 (35. Qxh4 $11 Rxg2+ 36. Kh1) 35... Kg7 (35... Qe4 $17 36. a4 Qe5+ 37. Kh1 Rf5) 36. Rd2 ({White should play} 36. Rf1 $15) 36... Rf5 37. Qe3 Qg5 0-1

[Event "EIWCC 2017"]
[Site "Riga"]
[Date "2017.04.12"]
[Round "2"]
[White "Exler, Veronika"]
[Black "Tsolakidou, Stavroula"]
[Result "0-1"]
[WhiteElo "2208"]
[BlackElo "2395"]
[Annotator "ChessBase"]
[PlyCount "66"]
[EventDate "2017.??.??"]
[EventType "swiss"]
[EventCountry "LAT"]
[SourceTitle "playchess.com"]
[Source "ChessBase"]
[SourceQuality "1"]
[TimeControl "40/5400+30:1800+30"]

1. Nf3 {[%emt 0:00:00]} Nf6 {[%emt 0:00:06]} 2. g3 {[%emt 0:00:00]} d5 {[%emt 0:00:11]} 3. Bg2 {[%emt 0:00:00]} c6 {[%emt 0:00:07]} 4. O-O {[%emt 0:00:00]} Bg4 {[%emt 0:00:14]} 5. d4 {[%emt 0:00:00]} e6 {[%emt 0:00:30]} 6. Nbd2 {[%emt 0:00:00]} Be7 {[%emt 0:00:22]} 7. Re1 {[%emt 0:00:01]} O-O {[%emt 0:00:14]} 8. e4 {[%emt 0:00:17]} Bh5 {[%emt 0:00:41]} 9. c3 {[%emt 0:00:16]} h6 {[%emt 0:00:50]} 10. e5 {[%emt 0:01:45]} Nh7 {[%emt 0:03:01]} 11. h4 {[%emt 0:21:12]} Nd7 {[%emt 0:10:40]} 12. Nb3 {[%emt 0:00:07]} Rc8 {[%emt 0:07:49]} 13. Be3 {[%emt 0:05:22]} f6 {[%emt 0:20:08]} 14. exf6 {[%emt 0:30:04]} Rxf6 {[%emt 0:00:49]} 15. Bf4 {[%emt 0:02:53]} g5 {[%emt 0:06:06]} 16. hxg5 {[%emt 0:00:15]} hxg5 {[%emt 0:00:54]} 17. Be5 {[%emt 0:00:17]} Nxe5 {[%emt 0:03:21]} 18. Rxe5 {[%emt 0:10:47]} Qf8 {[%emt 0:02:40]} 19. Nbd2 {[%emt 0:04:18]} Bd6 {[%emt 0:01:37]} 20. Re3 {[%emt 0:00:12]} Qf7 {[%emt 0:08:28]} 21. Qe1 {[%emt 0:01:53]} Rf8 {[%emt 0:01:21]} 22. Rd1 {[%emt 0:12:55]} Bg4 {[%emt 0:06:26]} 23. Rc1 {[%emt 0:00:49]} Bh5 {[%emt 0:05:19]} 24. Rd1 {[%emt 0:03:20]} Bg4 {[%emt 0:06:03]} 25. Rc1 {[%emt 0:00:05]} Qh5 {[%emt 0:00:27]} 26. Ne5 {[%emt 0:02:26]} Bxe5 {[%emt 0:01:00]} 27. Rxe5 {[%emt 0:00:01]} Rh6 {[%emt 0:03:42]} 28. f3 {[%emt 0:01:12]} Qh2+ {[%emt 0:01:42]} 29. Kf2 {[%emt 0:00:05]} Bxf3 {[%emt 0:02:52]} 30. Nxf3 {[%emt 0:00:58]} g4 {[%emt 0:00:35]} 31. Re3 {[%emt 0:02:31]} Rxf3+ {[%emt 0:00:21]} 32. Rxf3 {[%emt 0:00:16]} gxf3 {[%emt 0:00:04]} 33. Kxf3 {[%emt 0:00:44]} Rf6+ {[%emt 0:00:13]} 0-1

[Event "EIWCC 2017"]
[Site "Riga"]
[Date "2017.04.12"]
[Round "2"]
[White "Balajayeva, Khanim"]
[Black "Savina, Anastasia"]
[Result "1/2-1/2"]
[WhiteElo "2196"]
[BlackElo "2378"]
[Annotator "ChessBase"]
[PlyCount "90"]
[EventDate "2017.??.??"]
[EventType "swiss"]
[EventCountry "LAT"]
[SourceTitle "playchess.com"]
[Source "ChessBase"]
[SourceQuality "1"]
[TimeControl "40/5400+30:1800+30"]

1. e4 {[%emt 0:00:00]} d6 {[%emt 0:00:09]} 2. d4 {[%emt 0:00:00]} Nf6 {[%emt 0:00:17]} 3. Nc3 {[%emt 0:01:17]} e5 {[%emt 0:00:06]} 4. dxe5 {[%emt 0:03:24]} dxe5 {[%emt 0:00:05]} 5. Qxd8+ {[%emt 0:00:08]} Kxd8 {[%emt 0:00:04]} 6. Bg5 {[%emt 0:00:36]} Be6 {[%emt 0:01:21]} 7. O-O-O+ {[%emt 0:01:51]} Nbd7 {[%emt 0:00:21]} 8. Nf3 {[%emt 0:00:51]} Kc8 {[%emt 0:00:42]} 9. Bh4 {[%emt 0:04:27]} h6 {[%emt 0:05:25]} 10. Bg3 {[%emt 0:10:14]} Bd6 {[%emt 0:02:28]} 11. Bd3 {[%emt 0:01:22]} a6 {[%emt 0:02:09]} 12. h3 {[%emt 0:00:32]} Nh5 {[%emt 0:16:35]} 13. Bh2 {[%emt 0:00:07]} g5 {[%emt 0:00:20]} 14. g4 {[%emt 0:12:27]} Nf4 {[%emt 0:05:50]} 15. Bxf4 {[%emt 0:02:25]} gxf4 {[%emt 0:00:09]} 16. Nh4 {[%emt 0:04:14]} Bc5 {[%emt 0:09:00]} 17. f3 {[%emt 0:01:39]} b5 {[%emt 0:07:00]} 18. Nf5 {[%emt 0:01:23]} Kb7 {[%emt 0:06:16]} 19. Ng7 {[%emt 0:09:32]} Rh7 {[%emt 0:03:47]} 20. Nxe6 {[%emt 0:01:41]} fxe6 {[%emt 0:00:02]} 21. h4 {[%emt 0:06:37]} h5 {[%emt 0:02:29]} 22. g5 {[%emt 0:11:47]} Nf8 {[%emt 0:00:19]} 23. Rh2 {[%emt 0:00:16]} Ng6 {[%emt 0:01:14]} 24. Bf1 {[%emt 0:03:50]} Bg1 {[%emt 0:03:59]} 25. Rh1 {[%emt 0:00:16]} Bf2 {[%emt 0:00:34]} 26. Bh3 {[%emt 0:02:49]} Re8 {[%emt 0:03:09]} 27. Rdf1 {[%emt 0:00:20]} Bg3 {[%emt 0:12:03]} 28. Ne2 {[%emt 0:01:54]} Bxh4 {[%emt 0:08:51]} 29. Bf5 {[%emt 0:03:00]} exf5 {[%emt 0:00:16]} 30. exf5 {[%emt 0:00:02]} Ne7 {[%emt 0:00:45]} 31. Rxh4 {[%emt 0:00:30]} Nxf5 {[%emt 0:00:06]} 32. Rh3 {[%emt 0:00:03]} h4 {[%emt 0:03:06]} 33. Nc3 {[%emt 0:00:52]} Ng3 {[%emt 0:01:47]} 34. Re1 {[%emt 0:00:09]} Kc6 {[%emt 0:02:46]} 35. Nd1 {[%emt 0:03:32]} Rh5 {[%emt 0:03:33]} 36. Nf2 {[%emt 0:00:27]} Rxg5 {[%emt 0:00:48]} 37. Rxh4 {[%emt 0:00:07]} Rd8 {[%emt 0:00:36]} 38. Nd3 {[%emt 0:00:28]} e4 {[%emt 0:00:28]} 39. fxe4 {[%emt 0:00:33]} f3 {[%emt 0:00:15]} 40. Rh6+ {[%emt 0:00:00]} Rd6 {[%emt 0:00:47]} 41. Rxd6+ {[%emt 0:02:16]} cxd6 {[%emt 0:02:48]} 42. Re3 {[%emt 0:08:22]} Ne2+ {[%emt 0:12:47]} 43. Kd2 {[%emt 0:00:04]} Nd4 {[%emt 0:00:40]} 44. Kc3 {[%emt 0:00:31]} Ne2+ {[%emt 0:00:24]} 45. Kd2 {[%emt 0:00:03]} Nd4 {[%emt 0:03:17]} 1/2-1/2

[Event "EIWCC 2017"]
[Site "Riga"]
[Date "2017.04.12"]
[Round "2"]
[White "Sazonova, Anastasia"]
[Black "Kovanova, Baira"]
[Result "1/2-1/2"]
[WhiteElo "2143"]
[BlackElo "2376"]
[Annotator "ChessBase"]
[PlyCount "81"]
[EventDate "2017.??.??"]
[EventType "swiss"]
[EventCountry "LAT"]
[SourceTitle "playchess.com"]
[Source "ChessBase"]
[SourceQuality "1"]
[TimeControl "40/5400+30:1800+30"]

1. d4 {[%emt 0:00:00]} Nf6 {[%emt 0:00:04]} 2. c4 {[%emt 0:00:00]} e6 {[%emt 0:00:05]} 3. Nf3 {[%emt 0:00:03]} d5 {[%emt 0:00:16]} 4. Nc3 {[%emt 0:00:49]} Be7 {[%emt 0:00:15]} 5. Bg5 {[%emt 0:00:40]} h6 {[%emt 0:00:11]} 6. Bxf6 {[%emt 0:00:43]} Bxf6 {[%emt 0:00:05]} 7. e3 {[%emt 0:01:03]} O-O {[%emt 0:00:10]} 8. Qc2 {[%emt 0:00:56]} c5 {[%emt 0:00:34]} 9. dxc5 {[%emt 0:03:20]} dxc4 {[%emt 0:00:46]} 10. Bxc4 {[%emt 0:03:51]} Nd7 {[%emt 0:00:12]} 11. c6 {[%emt 0:02:17]} bxc6 {[%emt 0:00:06]} 12. O-O {[%emt 0:02:12]} Bb7 {[%emt 0:00:43]} 13. Rfd1 {[%emt 0:05:17]} Qc7 {[%emt 0:02:35]} 14. Be2 {[%emt 0:04:30]} a6 {[%emt 0:06:30]} 15. Ne4 {[%emt 0:07:46]} Be7 {[%emt 0:00:43]} 16. Rac1 {[%emt 0:01:11]} c5 {[%emt 0:08:35]} 17. b3 {[%emt 0:14:32]} Rac8 {[%emt 0:04:20]} 18. Ned2 {[%emt 0:06:12]} Nf6 {[%emt 0:05:57]} 19. Nc4 {[%emt 0:04:55]} Nd5 {[%emt 0:05:36]} 20. Nfe5 {[%emt 0:06:34]} Bf6 {[%emt 0:09:13]} 21. f4 {[%emt 0:05:13]} Bxe5 {[%emt 0:07:19]} 22. fxe5 {[%emt 0:00:19]} Qe7 {[%emt 0:05:40]} 23. Bf3 {[%emt 0:09:25]} Nb4 {[%emt 0:06:06]} 24. Qe2 {[%emt 0:00:20]} Rcd8 {[%emt 0:02:52]} 25. Bxb7 {[%emt 0:04:12]} Qxb7 {[%emt 0:01:51]} 26. Rd6 {[%emt 0:00:22]} Qe4 {[%emt 0:02:19]} 27. Rcd1 {[%emt 0:02:11]} Rb8 {[%emt 0:03:01]} 28. Rd7 {[%emt 0:05:34]} Nd5 {[%emt 0:03:12]} 29. Rf1 {[%emt 0:01:18]} Qg6 {[%emt 0:09:57]} 30. Rd6 {[%emt 0:02:49]} Nb4 {[%emt 0:05:35]} 31. e4 {[%emt 0:01:10]} Rbc8 {[%emt 0:01:53]} 32. Na5 {[%emt 0:04:51]} c4 {[%emt 0:06:24]} 33. Nxc4 {[%emt 0:00:46]} Qg5 {[%emt 0:00:48]} 34. Rb6 {[%emt 0:00:53]} Nc6 {[%emt 0:00:31]} 35. Rxa6 {[%emt 0:00:33]} Nxe5 {[%emt 0:00:40]} 36. Ra5 {[%emt 0:00:32]} Rxc4 {[%emt 0:00:48]} 37. bxc4 {[%emt 0:00:35]} Nf3+ {[%emt 0:00:05]} 38. Qxf3 {[%emt 0:00:09]} Qxa5 {[%emt 0:00:03]} 39. Qb3 {[%emt 0:00:34]} Qa7+ {[%emt 0:02:22]} 40. Kh1 {[%emt 0:00:00]} Ra8 {[%emt 0:01:24]} 41. Qf3 {[%emt 0:09:53]} 1/2-1/2

[Event "EIWCC 2017"]
[Site "Riga"]
[Date "2017.04.12"]
[Round "2"]
[White "Gueci, Tea"]
[Black "Szczepkowska, Karina"]
[Result "1-0"]
[WhiteElo "2132"]
[BlackElo "2414"]
[Annotator "ChessBase"]
[PlyCount "145"]
[EventDate "2017.??.??"]
[EventType "swiss"]
[EventCountry "LAT"]
[SourceTitle "playchess.com"]
[Source "ChessBase"]
[SourceQuality "1"]
[TimeControl "40/5400+30:1800+30"]

1. e4 {[%emt 0:00:00]} e5 {[%emt 0:00:04]} 2. Nf3 {[%emt 0:00:00]} Nc6 {[%emt 0:00:06]} 3. Bb5 {[%emt 0:00:00]} a6 {[%emt 0:00:06]} 4. Ba4 {[%emt 0:00:00]} Nf6 {[%emt 0:00:05]} 5. Qe2 {[%emt 0:00:00]} b5 {[%emt 0:01:53]} 6. Bb3 {[%emt 0:00:00]} Be7 {[%emt 0:00:06]} 7. c3 {[%emt 0:00:00]} O-O {[%emt 0:00:05]} 8. O-O {[%emt 0:00:15]} d5 {[%emt 0:00:17]} 9. d3 {[%emt 0:00:16]} Re8 {[%emt 0:00:17]} 10. h3 {[%emt 0:03:38]} h6 {[%emt 0:01:04]} 11. Nbd2 {[%emt 0:01:01]} Bf8 {[%emt 0:05:09]} 12. Re1 {[%emt 0:08:31]} Bb7 {[%emt 0:11:08]} 13. Nf1 {[%emt 0:04:09]} Na5 {[%emt 0:05:52]} 14. Bc2 {[%emt 0:00:44]} c5 {[%emt 0:00:06]} 15. Ng3 {[%emt 0:07:38]} g6 {[%emt 0:07:51]} 16. Bd2 {[%emt 0:10:49]} Nc6 {[%emt 0:10:13]} 17. Nh2 {[%emt 0:07:03]} d4 {[%emt 0:05:32]} 18. Rad1 {[%emt 0:04:47]} dxc3 {[%emt 0:07:03]} 19. bxc3 {[%emt 0:00:23]} Bc8 {[%emt 0:00:15]} 20. Be3 {[%emt 0:11:31]} Be6 {[%emt 0:04:30]} 21. Bb3 {[%emt 0:02:47]} Qe7 {[%emt 0:04:20]} 22. Nf3 {[%emt 0:03:58]} Rad8 {[%emt 0:07:29]} 23. Qb2 {[%emt 0:05:07]} Bc8 {[%emt 0:04:04]} 24. d4 {[%emt 0:05:28]} exd4 {[%emt 0:01:47]} 25. cxd4 {[%emt 0:00:15]} c4 {[%emt 0:00:10]} 26. Bc2 {[%emt 0:01:02]} Bg7 {[%emt 0:03:07]} 27. Qc1 {[%emt 0:05:16]} Kh7 {[%emt 0:02:21]} 28. a3 {[%emt 0:01:27]} Na5 {[%emt 0:02:43]} 29. Bd2 {[%emt 0:03:32]} Qc7 {[%emt 0:01:25]} 30. Bc3 {[%emt 0:02:04]} Nb7 {[%emt 0:02:40]} 31. Qb2 {[%emt 0:01:13]} Nd7 {[%emt 0:00:57]} 32. a4 {[%emt 0:03:19]} bxa4 {[%emt 0:03:08]} 33. Bxa4 {[%emt 0:00:48]} Re6 {[%emt 0:00:10]} 34. Bc2 {[%emt 0:02:06]} Ree8 {[%emt 0:02:19]} 35. Ra1 {[%emt 0:01:47]} Re6 {[%emt 0:03:12]} 36. h4 {[%emt 0:01:31]} Rb6 {[%emt 0:00:45]} 37. Qa2 {[%emt 0:00:23]} Nf8 {[%emt 0:02:08]} 38. h5 {[%emt 0:01:11]} Bg4 {[%emt 0:01:01]} 39. hxg6+ {[%emt 0:00:49]} fxg6 {[%emt 0:01:16]} 40. Nh2 {[%emt 0:00:00]} Be6 {[%emt 0:00:15]} 41. e5 {[%emt 0:04:32]} Bd5 {[%emt 0:04:46]} 42. f4 {[%emt 0:01:58]} Kh8 {[%emt 0:02:01]} 43. f5 {[%emt 0:05:48]} gxf5 {[%emt 0:00:07]} 44. Nxf5 {[%emt 0:00:17]} Ne6 {[%emt 0:01:00]} 45. Ng4 {[%emt 0:01:59]} Nf4 {[%emt 0:03:20]} 46. Nge3 {[%emt 0:00:28]} Be6 {[%emt 0:06:17]} 47. Be4 {[%emt 0:04:07]} Rg8 {[%emt 0:03:21]} 48. g3 {[%emt 0:02:07]} Nh3+ {[%emt 0:03:09]} 49. Kh2 {[%emt 0:01:11]} Ng5 {[%emt 0:00:05]} 50. Bg2 {[%emt 0:00:46]} Qf7 {[%emt 0:01:26]} 51. Rf1 {[%emt 0:01:26]} Qh5+ {[%emt 0:00:30]} 52. Nh4 {[%emt 0:00:57]} Rb3 {[%emt 0:00:41]} 53. Qc2 {[%emt 0:00:43]} Bf8 {[%emt 0:02:38]} 54. d5 {[%emt 0:01:51]} Nc5 {[%emt 0:02:08]} 55. dxe6 {[%emt 0:01:03]} Rxc3 {[%emt 0:02:18]} 56. Qxc3 {[%emt 0:00:30]} Nge4 {[%emt 0:00:08]} 57. Bxe4 {[%emt 0:01:38]} Nxe4 {[%emt 0:00:35]} 58. Qxc4 {[%emt 0:01:44]} Nxg3 {[%emt 0:01:09]} 59. Qf4 {[%emt 0:03:21]} Be7 {[%emt 0:02:06]} 60. Neg2 {[%emt 0:01:52]} Rg4 {[%emt 0:00:48]} 61. Qxg3 {[%emt 0:05:50]} Rxg3 {[%emt 0:00:46]} 62. Kxg3 {[%emt 0:00:01]} Qxe5+ {[%emt 0:00:22]} 63. Nf4 {[%emt 0:00:33]} Kh7 {[%emt 0:02:28]} 64. Nhg6 {[%emt 0:01:12]} Qc3+ {[%emt 0:00:39]} 65. Kg4 {[%emt 0:00:33]} Bd6 {[%emt 0:01:10]} 66. Rad1 {[%emt 0:00:40]} h5+ {[%emt 0:01:19]} 67. Kxh5 {[%emt 0:00:16]} Qc5+ {[%emt 0:00:20]} 68. Rd5 {[%emt 0:00:14]} Qa3 {[%emt 0:00:32]} 69. Kg4 {[%emt 0:00:36]} Kg7 {[%emt 0:00:40]} 70. Rfd1 {[%emt 0:00:35]} Bxf4 {[%emt 0:00:33]} 71. Nxf4 {[%emt 0:00:05]} Qa2 {[%emt 0:00:21]} 72. e7 {[%emt 0:01:13]} Kf7 {[%emt 0:00:40]} 73. Re1 {[%emt 0:00:14]} 1-0

[Event "EIWCC 2017"]
[Site "Riga"]
[Date "2017.04.12"]
[Round "2"]
[White "Tsiganova, Monika"]
[Black "Lazarne Vajda, Szidonia"]
[Result "1/2-1/2"]
[WhiteElo "2111"]
[BlackElo "2355"]
[Annotator "RC"]
[PlyCount "60"]
[EventDate "2017.??.??"]
[EventType "swiss"]
[EventCountry "LAT"]
[SourceTitle "playchess.com"]
[Source "ChessBase"]
[SourceQuality "1"]
[TimeControl "40/5400+30:1800+30"]

1. d4 {[%emt 0:00:00]} Nf6 {[%emt 0:00:24]} 2. Nf3 {[%emt 0:00:00]} g6 {[%emt 0:01:02]} 3. Bg5 {[%emt 0:01:29]} Bg7 {[%emt 0:02:28]} 4. Nbd2 {[%emt 0:00:47]} d5 {[%emt 0:05:49]} 5. e3 {[%emt 0:00:52]} Nbd7 {[%emt 0:05:07]} 6. Bd3 {[%emt 0:00:56]} c5 {[%emt 0:01:28]} 7. c3 {[%emt 0:02:52]} b6 {[%emt 0:07:39]} 8. Qe2 {[%emt 0:09:27]} Bb7 {[%emt 0:04:14]} 9. dxc5 Nxc5 {[%emt 0:02:07]} 10. Bb5+ {[%emt 0:01:53]} Nfd7 {[%emt 0:06:18]} 11. Nd4 {[%emt 0:09:27]} a6 {[%emt 0:03:07]} 12. Bc6 {[%emt 0:02:35]} Qc7 {[%emt 0:01:36]} 13. Bxb7 {[%emt 0:04:43]} Qxb7 {[%emt 0:04:43]} 14. O-O {[%emt 0:07:41]} b5 {[%emt 0:02:44]} 15. Rad1 {[%emt 0:05:53]} e6 {[%emt 0:11:35]} 16. Rfe1 {[%emt 0:00:30]} h6 17. Bh4 Nb6 {[%emt 0:00:52]} 18. e4 {[%emt 0:08:16]} Nxe4 {[%emt 0:09:17]} 19. Nxe4 {[%emt 0:00:28]} dxe4 {[%emt 0:00:20]} 20. Nxb5 {[%emt 0:11:28]} axb5 {[%emt 0:02:06]} 21. Qxb5+ {[%emt 0:00:18]} Kf8 {[%emt 0:00:22]} 22. Rd8+ {[%emt 0:00:38]} Rxd8 {[%emt 0:00:08]} 23. Bxd8 {[%emt 0:00:12]} Qd5 {[%emt 0:04:57]} 24. Qb4+ {[%emt 0:04:18]} Kg8 {[%emt 0:00:32]} 25. Bxb6 {[%emt 0:00:16]} Qxa2 {[%emt 0:00:37]} 26. h4 {[%emt 0:04:12]} Kh7 {[%emt 0:01:48]} 27. h5 {[%emt 0:02:57]} Rb8 {[%emt 0:02:33]} 28. hxg6+ {[%emt 0:00:08]} fxg6 {[%emt 0:00:09]} 29. Qd6 {[%emt 0:00:45]} Rb7 {[%emt 0:00:20]} 30. Bd4 {[%emt 0:02:30]} Qxb2 {[%emt 0:01:39]} 1/2-1/2